书目信息 |
| 题名: |
调查研究实操指导
|
|
| 作者: | 芬克 著 ;齐心 译 | |
| 分册: | ||
| 出版信息: | 重庆 重庆大学出版社 2016 |
|
| 页数: | 216页 | |
| 开本: | 22cm | |
| 丛书名: | ||
| 单 册: | ||
| 中图分类: | C31 | |
| 科图分类: | ||
| 主题词: | 调查研究--tiao cha yan jiu--方法 | |
| 电子资源: | ||
| ISBN: | 978-7-5624-9703-5 | |
| 000 | 01011nam0 22002771 450 | |
| 001 | 1754477918 | |
| 005 | 20170516112211.0 | |
| 010 | @a978-7-5624-9703-5@dCNY32.00 | |
| 100 | @a20160601d2016 em y0chiy50 ea | |
| 101 | 1 | @achi@ceng |
| 102 | @aCN@b500000 | |
| 105 | @ay z 000yy | |
| 106 | @ar | |
| 200 | 1 | @a调查研究实操指导@9tiao cha yan jiu shi cao zhi dao@e细节与示例@dHow to conduct surveys@ea step-by-step guide@f阿琳·芬克(Arlene Fink)著@g齐心译@zeng |
| 210 | @a重庆@c重庆大学出版社@d2016 | |
| 215 | @a216页@d22cm | |
| 300 | @a万卷方法 研究方法·基础应用 | |
| 305 | @a由SAGE出版公司授权出版 据原书第5版译出 | |
| 330 | @a本书采用了一百多个调查研究的例子,演示如何应对调查研究设计与实施中的疑难杂症。 | |
| 510 | 1 | @aHow to conduct surveys@ea step-by-step guide@zeng |
| 606 | 0 | @a调查研究@9tiao cha yan jiu@x方法 |
| 690 | @aC31@v5 | |
| 701 | 0 | @c(美)@a芬克@9fen ke@c(女,Fink, Arlene)@4著 |
| 702 | 0 | @a齐心@9qi xin@4译 |
| 801 | 0 | @aCN@b百万庄@c20170512 |
| 905 | @b1005210-5@dC31@e317@f6 | |
| 调查研究实操指导:细节与示例=How to conduct surveys:a step-by-step guide/阿琳·芬克(Arlene Fink)著/齐心译.-重庆:重庆大学出版社,2016 |
| 216页;22cm |
| 万卷方法 研究方法·基础应用 |
| ISBN 978-7-5624-9703-5:CNY32.00 |
| 本书采用了一百多个调查研究的例子,演示如何应对调查研究设计与实施中的疑难杂症。 |
| ● |
| 相关链接 |
|
|
|
|
正题名:调查研究实操指导
索取号:C31/317
 
预约/预借
| 序号 | 登录号 | 条形码 | 馆藏地/架位号 | 状态 | 备注 |
| 1 | 1005210 | 210052100 | 第一样本阅览室/ [索取号:C31/317] | 在馆 | |
| 2 | 1005211 | 210052119 | 教育系资料室/ [索取号:C31/317] | 在馆 | |
| 3 | 1005212 | 210052128 | 教育系资料室/ [索取号:C31/317] | 在馆 | |
| 4 | 1005213 | 210052137 | 教育系资料室/ [索取号:C31/317] | 在馆 | |
| 5 | 1005214 | 210052146 | 第一借阅区/ [索取号:C31/317] | 在馆 | |
| 6 | 1005215 | 210052155 | 第一借阅区/ [索取号:C31/317] | 在馆 |